000 01451nam a2200421 i 4500
001 50793
003 KOSZ 005
005 20210820075929.0
008 180725s1984 pl g 000 0 pol
015 _aPB 1984/982
020 _a8321004180
040 _aWA N
_cWA N
_dKOSZ 005/RW
041 1 _apol
_hger
046 _k1984
080 _a943.0
100 1 _aEngelmann, Bernt
_d(1921-1994)
_eAutor
245 1 0 _aPrusy :
_bkraj nieograniczonych możliwości /
_cBernt Engelmann ; przełożyła [z niemieckiego] Brygida Jodkowska ; przedm. Stanisław Salmonowicz.
246 1 _iTytuł oryginału:
_aPreussen.
260 _aPoznań :
_bWydawnictwo Poznańskie,
_c1984.
300 _a544, [4] strony ;
_c20 cm.
336 _aTekst
_btxt
_2rdacontent
337 _aBez urządzenia pośredniczącego
_bn
_2rdamedia
338 _aWolumin
_bnc
_2rdacarrier
380 _aKsiążki
380 _aPublikacje naukowe
388 _a1901-2000
650 4 _aHistoriografia
650 4 _aSpołeczeństwo
651 4 _aPrusy
658 _aHistoria
650 4 _aKultura
650 4 _aPolityka
700 1 _aJodkowska, Brygida.
_eTłumaczenie
700 1 _aSalmonowicz, Stanisław
_d(1931- ).
_ePrzedmowa
710 2 _aWydawnictwo Poznańskie
_4pbl.
856 _uhttp://koha.tu.koszalin.pl/cgi-bin/koha/opac-detail.pl?biblionumber=50793
_yKatalog online BPK
942 _2UKD
_cKS
999 _c50793
_d50793